|
|
|
|
| LEADER |
00000naa2a2200000 4500 |
| 001 |
176789 |
| 005 |
20231101223309.0 |
| 035 |
|
|
|a (RuTPU)RU\TPU\book\191681
|
| 035 |
|
|
|a RU\TPU\tpu\2095
|
| 090 |
|
|
|a 176789
|
| 100 |
|
|
|a 20100304d1942 k y0rusy50 ca
|
| 101 |
0 |
|
|a rus
|
| 102 |
|
|
|a RU
|
| 200 |
1 |
|
|a Новый критерий для суждения о нефтеносности по характеру буровых вод при разведке на нефть
|f И. В. Геблер
|
| 225 |
1 |
|
|a Геолого-разведочная секция
|
| 463 |
|
0 |
|0 (RuTPU)RU\TPU\book\175283
|t Научно-техническая конференция, посвященная 25-летию Великой Октябрьской социалистической революции, Томск 3-6 декабря 1942 г.
|o тезисы докладов
|f Томский индустриальный институт (ТИИ) ; под ред. К. Н. Шмаргунов ; М. К. Коровин
|v С. 16
|d 1942
|p 74 с.
|
| 610 |
1 |
|
|a геолого-географические науки
|
| 610 |
1 |
|
|a труды учёных ТПУ
|
| 700 |
|
1 |
|a Геблер
|b И. В.
|c советский инженер-технолог
|c профессор ТПИ
|f 1885-1963
|g Иннокентий Васильевич
|2 stltpush
|3 (RuTPU)RU\TPU\pers\21860
|9 9198
|
| 801 |
|
0 |
|a RU
|b 63413507
|c 20011210
|g PSBO
|
| 801 |
|
2 |
|a RU
|b 63413507
|c 20100310
|g PSBO
|
| 942 |
|
|
|c BK
|